000 00606nam a2200229Ia 4500
003 OSt
005 20220925215500.0
006 a|||||r|||| 00| 0
007 ta
008 220923b |||||||| |||| 00| 0 eng d
037 _cGeneral Book
040 _aRTL
_cRTL
_beng
041 _2eng
_aeng
082 _aHObU, K3
100 _aGresswell R Kay
_9282922
245 0 _aGeology for geographers
260 _aLondon
_bHulton Educational U K
_c1963
300 _a202p.
_ccm.
650 _aGeology
_915465
942 _hHObU, K3
_cGB
_2CC
999 _c568893
_d568893